000 00289nam a2200109Ia 4500
008 200302s9999 xx 000 0 und d
100 _aEdward D. Levinson
245 _aArchitectural Rendering Fundamentals
260 _bMcgraw-hill International Book Co.,
260 _c1983
300 _a252 P.,
999 _c796
_d796